La Unión Europea en cambio de un desarrollo sostenible /

Furkejuvvon:
Bibliográfalaš dieđut
Váldodahkki: Donkers, Rob
Eará dahkkit: Pérez Guevara, Mari Sol
Materiálatiipa: Texto
Fáttát:
Fáddágilkorat: Lasit fáddágilkoriid
Eai fáddágilkorat, Lasit vuosttaš fáddágilkora!

MARC

LEADER 00000 a a2200000 04500
001 7474
003
040
100 |a Donkers, Rob  
245 |a La Unión Europea en cambio de un desarrollo sostenible /  |c Rob Donkers ; Mari Sol Pérez Guevara 
650 |a DESARROLLO SUSTENTABLE  
650 |a MEDIO AMBIENTE  
650 |a RECURSOS NATURALES  
650 |a MODELOS ECONOMICOS  
650 |a POLITICAS GUBERNAMENTALES  
650 |a EQUILIBRIO ECOLOGICO  
650 |a LEGISLACION  
650 |a COOPERACION INTERNACIONAL  
700 |a Pérez Guevara, Mari Sol  
773 |g número 7; páginas 65-85  
999 |c 35747  |d 35747